Naciones unidas : Medio ambiente y desarrollo.
Guardado en:
| Formato: | |
|---|---|
| Series: | Tiempo internacional
|
| Materias: | |
| Etiquetas: |
Agregar Etiqueta
Sin Etiquetas, Sea el primero en etiquetar este registro!
|
| LEADER | 00999ngm a22002655g 4500 | ||
|---|---|---|---|
| 001 | CEM.cems022572 | ||
| 008 | 130507b2001##################0###0#####d | ||
| 005 | 20241107185408.0 | ||
| 245 | 0 | 0 | |a Naciones unidas : |b Medio ambiente y desarrollo. |
| 300 | |a 25'. | ||
| 490 | 0 | |a Tiempo internacional | |
| 500 | |a En soporte VHS, consultar en ventanilla. | ||
| 505 | 0 | |a Participación de la ONU en la protección del medio ambiente. Medidas sobre desarrollo sostenible. Cambios climáticos. Biodiversidad. Posición frente a la energía atómica. | |
| 538 | |a Soporte: VHS - Norma: Pal N - Color: Si - Grabación DRD 2001 - Hitachi=1530 | ||
| 082 | 3 | 4 | |/ ONU |
| 653 | |a ONU | ||
| 653 | |a NACIONES UNIDAS | ||
| 653 | |a POLITICA INTERNACIONAL | ||
| 653 | |a MEDIO AMBIENTE | ||
| 653 | |a BIODIVERSIDAD | ||
| 653 | |a DESARROLLO SUSTENTABLE | ||
| 653 | |a ENERGIA ATÓMICA | ||
| 653 | |a NIVEL PRIMARIO | ||
| 653 | |a NIVEL SECUNDARIO | ||
| 859 | |a CEMS |b BIB. CEMS - Depto. Recursos Didacticos |h 349 |i ONU |k DRD |p 1215.12 |t Ej.1 | ||
